<?xml version="1.0" encoding="UTF-8"?>
<collection xmlns="http://www.loc.gov/MARC21/slim">
 <record>
  <leader>01654cam a2200361 i 4500</leader>
  <controlfield tag="001">TVCDKTCT101009</controlfield>
  <controlfield tag="005">20200601153540.000</controlfield>
  <controlfield tag="008">140314s2014    cau      b    001 0 eng  </controlfield>
  <datafield tag="980" ind1="\" ind2="\">
   <subfield code="a">Thư viện Trường CĐ Kỹ Thuật Cao Thắng</subfield>
  </datafield>
  <datafield tag="024" ind1=" " ind2=" ">
   <subfield code="a">RG_1 #1 eb0 i1</subfield>
  </datafield>
  <datafield tag="010" ind1=" " ind2=" ">
   <subfield code="a">2014007797</subfield>
  </datafield>
  <datafield tag="020" ind1=" " ind2=" ">
   <subfield code="a">9781118820612</subfield>
  </datafield>
  <datafield tag="040" ind1=" " ind2=" ">
   <subfield code="a">DLC </subfield>
   <subfield code="b">eng </subfield>
   <subfield code="c">DLC </subfield>
   <subfield code="e">rda </subfield>
   <subfield code="d">DLC</subfield>
  </datafield>
  <datafield tag="042" ind1=" " ind2=" ">
   <subfield code="a">pcc</subfield>
  </datafield>
  <datafield tag="050" ind1="0" ind2="0">
   <subfield code="a">HM1261 </subfield>
   <subfield code="b">.L434 2014</subfield>
  </datafield>
  <datafield tag="082" ind1="0" ind2="0">
   <subfield code="a">303.3 </subfield>
   <subfield code="b">L201D</subfield>
  </datafield>
  <datafield tag="245" ind1="0" ind2="0">
   <subfield code="a">Leading with spirit, presence, and authenticity / </subfield>
   <subfield code="c">Kathryn Goldman Schuyler, John Eric Baugher, Karin Jironet, Lena Lid-Falkman, editors.</subfield>
  </datafield>
  <datafield tag="250" ind1=" " ind2=" ">
   <subfield code="a">First edition.</subfield>
  </datafield>
  <datafield tag="260" ind1=" " ind2="1">
   <subfield code="a">San Francisco, CA : </subfield>
   <subfield code="b">Jossey-Bass, </subfield>
   <subfield code="c">2014</subfield>
  </datafield>
  <datafield tag="300" ind1=" " ind2=" ">
   <subfield code="a">xxix, 254 pages ; </subfield>
   <subfield code="c">22 cm.</subfield>
  </datafield>
  <datafield tag="336" ind1=" " ind2=" ">
   <subfield code="a">text </subfield>
   <subfield code="b">txt </subfield>
   <subfield code="2">rdacontent</subfield>
  </datafield>
  <datafield tag="337" ind1=" " ind2=" ">
   <subfield code="a">unmediated </subfield>
   <subfield code="b">n </subfield>
   <subfield code="2">rdamedia</subfield>
  </datafield>
  <datafield tag="338" ind1=" " ind2=" ">
   <subfield code="a">volume </subfield>
   <subfield code="b">nc </subfield>
   <subfield code="2">rdacarrier</subfield>
  </datafield>
  <datafield tag="490" ind1="0" ind2=" ">
   <subfield code="a">International Leadership Association series</subfield>
  </datafield>
  <datafield tag="504" ind1=" " ind2=" ">
   <subfield code="a">Includes bibliographical references and indexes.</subfield>
  </datafield>
  <datafield tag="650" ind1=" " ind2="0">
   <subfield code="a">Leadership </subfield>
   <subfield code="x">Religious aspects </subfield>
   <subfield code="x">Buddhism.</subfield>
  </datafield>
  <datafield tag="650" ind1=" " ind2="0">
   <subfield code="a">Leadership.</subfield>
  </datafield>
  <datafield tag="700" ind1="1" ind2=" ">
   <subfield code="a">Schuyler, Kathryn Goldman.</subfield>
  </datafield>
  <datafield tag="776" ind1="0" ind2="8">
   <subfield code="i">Online version : </subfield>
   <subfield code="t">Leading with spirit, presence, and authenticity </subfield>
   <subfield code="b">First edition. </subfield>
   <subfield code="d">San Francisco, CA : Jossey-Bass, [2014] </subfield>
   <subfield code="z">9781118820483 </subfield>
   <subfield code="w">(DLC) 2014012382</subfield>
  </datafield>
  <datafield tag="841" ind1="#" ind2="#">
   <subfield code="b">Kho Sách </subfield>
   <subfield code="j">100051096, 100051147, 100051156</subfield>
  </datafield>
  <datafield tag="906" ind1=" " ind2=" ">
   <subfield code="a">7 </subfield>
   <subfield code="b">cbc </subfield>
   <subfield code="c">orignew </subfield>
   <subfield code="d">1 </subfield>
   <subfield code="e">ecip </subfield>
   <subfield code="f">20 </subfield>
   <subfield code="g">y-gencatlg</subfield>
  </datafield>
  <datafield tag="925" ind1="0" ind2=" ">
   <subfield code="a">acquire </subfield>
   <subfield code="b">1 shelf copy </subfield>
   <subfield code="x">policy default </subfield>
   <subfield code="e">claim1  2014-11-24</subfield>
  </datafield>
  <datafield tag="955" ind1=" " ind2=" ">
   <subfield code="b">rm15 2014-03-14 </subfield>
   <subfield code="i">rm15 2014-03-14 (telework) </subfield>
   <subfield code="a">rm15 2014-03-14 to Dewey </subfield>
   <subfield code="w">xl06  2014-03-25 </subfield>
   <subfield code="a">xn12 2015-01-13 1 copy rec'd., to CIP ver. </subfield>
   <subfield code="f">rm04 2015-01-26 to BCCD</subfield>
  </datafield>
 </record>
</collection>
